NUTRITION & CHILD DEVELOPMENT (Record no. 12087)

MARC details
000 -LEADER
fixed length control field 00282nam a22001337a 4500
003 - CONTROL NUMBER IDENTIFIER
control field SGT
082 ## - DEWEY DECIMAL CLASSIFICATION NUMBER
Classification number 612.3
Item number N15E
100 ## - MAIN ENTRY--PERSONAL NAME
Personal name ELIZABATH, K.E.
245 ## - TITLE STATEMENT
Title NUTRITION & CHILD DEVELOPMENT
250 ## - EDITION STATEMENT
Edition statement 5TH
260 ## - PUBLICATION, DISTRIBUTION, ETC. (IMPRINT)
Place of publication, distribution, etc INDIA
Name of publisher, distributor, etc PARAS
Year of Publication 2015
300 ## - PAGE DESCRIPTION
No. of Pages 633
942 ## - ADDED ENTRY ELEMENTS (KOHA)
Source of classification or shelving scheme Dewey Decimal Classification
Koha item type Books
942 ## - ADDED ENTRY ELEMENTS (KOHA)
-- 2
Holdings
Withdrawn status Lost status Source of classification or shelving scheme Damaged status Not for loan Collection code Home library Current library Shelving location Date acquired Vendor Name Cost, normal purchase price SGTU Bill Number Total Checkouts Full call number Accession No. (Barcode) Date last seen Date last borrowed Bill Date Koha item type
    Dewey Decimal Classification     MEDICAL SGT Medical Library SGT Medical Library Reference Book 29/06/2017 ABC 495.00 SGTU 8041 2 612.3 N15E FM8651 03/05/2022 20/04/2022 11/04/2017 Books